000 01396nam2a2200241 4500
001 RU\NLR\BIBL_A\022636532
005 20251127143005.0
010 _a978-5-907653-72-6
_bт. 1
021 _aRU
_bКН-П-25-048566
_9КН-П-25-4700
035 _a(NLR Aleph) 022636532
090 _a13466002
_c13466002
100 _a20251003d2024 k y0rusy50 ca
101 0 _arus
102 _aRU
105 _aach z 010yd
200 0 _aТ. 1
210 _d2024
215 _a597, [2] с.
_cил., цв. ил., портр., факс.
461 0 _1001RU\NLR\BIBL_A\022636517
_12001#$aУченые - наследники пророков$dThe scholars are the heirs of the prophets$eсборник статей к 80-летию М. Б. Пиотровского$eв 2 т.$fГосударственный Эрмитаж$g[редакторы: Е. В. Дианова и др.]$gфотографы: Д. А. Боброва [и др.]$zeng$vТ. 1
_913472010
_cСанкт-Петербург
_d2024
_fГосударственный Эрмитаж
_lThe scholars are the heirs of the prophets
_nИзд-во Государственного Эрмитажа
_oсборник статей к 80-летию М. Б. Пиотровского : в 2 т.
_tУченые - наследники пророков
_y978-5-907653-71-9
_vТ. 1
942 _cBOOK
980 _aNB